<?xml version="1.0" encoding="UTF-8"?>
<collection xmlns="http://www.loc.gov/MARC21/slim">
 <record>
  <leader>00942nam a22002295a 4500</leader>
  <controlfield tag="001">CEM.cems012951</controlfield>
  <controlfield tag="005">20080909114830.0</controlfield>
  <controlfield tag="008">130507s2008##################000#0#####d</controlfield>
  <controlfield tag="003">CEMS</controlfield>
  <datafield tag="020" ind1=" " ind2=" ">
   <subfield code="a">9789872432515</subfield>
  </datafield>
  <datafield tag="082" ind1="0" ind2="4">
   <subfield code="a">982.1</subfield>
  </datafield>
  <datafield tag="100" ind1="1" ind2=" ">
   <subfield code="a">Sagasti, Luis</subfield>
  </datafield>
  <datafield tag="245" ind1="1" ind2="0">
   <subfield code="a">El tiempo y los relojes en bahía blanca /</subfield>
   <subfield code="c">Luis Sagasti, Juan Luis Sabattini, Andrés E. Romero</subfield>
  </datafield>
  <datafield tag="260" ind1=" " ind2=" ">
   <subfield code="a">Bahía Blanca :</subfield>
   <subfield code="b">Vacasagrada,</subfield>
   <subfield code="c">2008</subfield>
  </datafield>
  <datafield tag="300" ind1=" " ind2=" ">
   <subfield code="a">110 p.</subfield>
  </datafield>
  <datafield tag="490" ind1="0" ind2=" ">
   <subfield code="a">Bahía Blanca. Registros incompletos 1</subfield>
  </datafield>
  <datafield tag="505" ind1="0" ind2=" ">
   <subfield code="a">Los primeros tiempos -- Railway times blues -- Tiempo y trabajo  -- Relojerías y relojeros -- Relojes públicos -- Algunas señales del paso del tiempo en Bahía Blanca -- Historias y mitos urbanos -- El tiempo detenido</subfield>
  </datafield>
  <datafield tag="653" ind1=" " ind2=" ">
   <subfield code="a">Bahía blanca-historia</subfield>
  </datafield>
  <datafield tag="653" ind1=" " ind2=" ">
   <subfield code="a">Historia de bahía blanca</subfield>
  </datafield>
  <datafield tag="700" ind1="1" ind2=" ">
   <subfield code="a">Sabattini, Juan Luis</subfield>
  </datafield>
  <datafield tag="700" ind1="1" ind2=" ">
   <subfield code="a">Romero, Andrés E.</subfield>
  </datafield>
  <datafield tag="859" ind1=" " ind2=" ">
   <subfield code="a">CEMS</subfield>
   <subfield code="b">BIB. CEMS - 11 de abril</subfield>
   <subfield code="h">982.1</subfield>
   <subfield code="i">Sa18</subfield>
   <subfield code="p">25252.08</subfield>
   <subfield code="t">Ej.1</subfield>
  </datafield>
 </record>
</collection>
